000 00787nam a2200253Ia 4500
003 OSt
005 20221005073707.0
006 a|||||r|||| 00| 0
007 ta
008 221004b |||||||| |||| 00| 0 eng d
020 _a9789388162142 (hbk)
_cINR 1499.00
024 _a41614
037 _b112, 06/02/2019, Classic Book Service
_cTextual
040 _aCRL
_cCRL
_beng
041 _2eng
_aeng
082 _aY72.2, Q8
100 _aMishra Supriya Laxmi Au.
_939567
245 0 _aIndian tribes
_b fairs and festivals
260 _aNew Delhi
_bInnovative Imprint India
_c2018
300 _aviii,232p.
_ccm.
650 _aTRIBES - INDIA
942 _hY72.2, Q8
_cTEXL
_2cc
999 _c981549
_d981549